Premium Clothing Brands - Statistics

General Stats
  • This quiz has been taken 71 times
  • The average score is 22 of 50
Answer Stats
Picture Answer % Correct
Louis Vuitton
100%
Chanel
97%
Gucci
95%
Polo Ralph Lauren
95%
Lacoste
93%
Rolex
92%
Calvin Klein
90%
Giorgio Armani
88%
Supreme
85%
The North Face
82%
Versace
82%
Dolce & Gabbana
80%
Prada
68%
Hermes
62%
Burberry
60%
Canada Goose
58%
Off-White
57%
Christian Dior
53%
Moncler
53%
A Bathing Ape
52%
Fear Of God
45%
Stone Island
45%
Diesel
42%
Balenciaga
40%
Acne Studios
37%
Arc'Teryx
37%
Palm Angels
37%
AMI Paris
35%
Balmain
32%
Chrome Hearts
32%
Givenchy
27%
Tom Ford
27%
Comme Des Garçons Play
23%
Philipp Plein
23%
Amiri
18%
Kenzo
18%
Corteiz
17%
Parajumpers
17%
Hellstar
12%
Longchamp
12%
Dsquared2
10%
Gallery Dept.
10%
Mertra
7%
Casablanca
5%
Denim Tears
5%
K-Way
5%
Lanvin
5%
Valentino Garavani
5%
Arte Antwerp
3%
Represent
2%
No matching quizzes found
Score Distribution
Percent of People with Each Score
Percentile by Number Answered
Your Score History
You have not taken this quiz